Hoyer-Kreuter : (Record no. 134435)

MARC details
000 -LEADER
fixed length control field 00614nam a22002177a 4500
005 - DATE AND TIME OF LATEST TRANSACTION
control field 20170124110226.0
010 ## - LIBRARY OF CONGRESS CONTROL NUMBER
LC control number 168703
020 ## - INTERNATIONAL STANDARD BOOK NUMBER
Terms of availability 00.00
035 ## - SYSTEM CONTROL NUMBER
System control number 168703
037 ## - SOURCE OF ACQUISITION
Source of stock number/acquisition Cen Lib/Ret
040 ## - CATALOGING SOURCE
Original cataloging agency DPL
Language of cataloging EN
082 ## - DEWEY DECIMAL CLASSIFICATION NUMBER
Classification number 603
Item number SCH
100 ## - MAIN ENTRY--PERSONAL NAME
Personal name Schlomann, Alfred
9 (RLIN) 40724
245 ## - TITLE STATEMENT
Title Hoyer-Kreuter :
Statement of responsibility, etc by Alfred Schlomann
Remainder of title technologisches worterbuch /
260 ## - PUBLICATION, DISTRIBUTION, ETC. (IMPRINT)
Place of publication, distribution, etc New York
Name of publisher, distributor, etc Frederck ungar publishing company
Date of publication, distribution, etc 1932
270 ## - ADDRESS
City New York
300 ## - PHYSICAL DESCRIPTION
Extent 795p.
Dimensions 23cm(Hb)
490 ## - SERIES STATEMENT
Series statement The how to do it series
650 ## - SUBJECT ADDED ENTRY--TOPICAL TERM
Topical term or geographic name as entry element Technologies
9 (RLIN) 40725
942 ## - ADDED ENTRY ELEMENTS (KOHA)
Source of classification or shelving scheme Dewey Decimal Classification
Koha item type English Books
Classification part 603
Call number suffix SCH
Holdings
Withdrawn status Lost status Damaged status Not for loan Collection code Home library Current library Date acquired Source of acquisition Cost, normal purchase price Total Checkouts Full call number Barcode Date last seen Copy number Cost, replacement price Price effective from Koha item type
      Not For Loan Reference Central Library Central Library 30/07/2015 Cen Lib/Ret 0.00   603 SCH 168703 30/07/2015 1 0.00 30/07/2015 English Books

© Delhi Public Library
Hit Counter
free hit counter